[Event "Hessen-ch Seniors op 12th"]
[Site "Bad Sooden-Allendorf"]
[Date "2016.05.05"]
[Round "6"]
[White "Walther, Gerd"]
[Black "Rother, Wilfried"]
[Result "1/2-1/2"]
[WhiteElo "1947"]
[BlackElo "1817"]
[PlyCount "36"]
[EventDate "2016.04.30"]
[EventType "swiss"]
[EventRounds "9"]
[EventCountry "GER"]
[SourceTitle "EXT 2019"]
[Source "ChessBase"]
[SourceDate "2018.10.10"]
[SourceVersion "1"]
[SourceVersionDate "2018.10.10"]
[SourceQuality "1"]

1. d4 Nf6 2. Nf3 d6 3. c3 Bf5 4. Qb3 Qc8 5. Bg5 Nbd7 6. Nbd2 a5 7. Nh4 a4 8. Qd1 Bg6 9. Nxg6 hxg6 10. e3 c6 11. Bd3 Ra5 12. Bxf6 gxf6 13. Nc4 Rg5 14. g3 b5 15. Nd2 Rgh5 16. Nf3 e5 17. Nh4 f5 18. Be2 R5h6 1/2-1/2

[Event "MVP-ch Seniors op 15th"]
[Site "Binz"]
[Date "2015.11.25"]
[Round "2.28"]
[White "Walther, Gerd"]
[Black "Achenbach, Manfred"]
[Result "1/2-1/2"]
[WhiteElo "1769"]
[BlackElo "1911"]
[PlyCount "73"]
[EventDate "2015.11.24"]
[EventType "swiss"]
[EventRounds "9"]
[EventCountry "GER"]
[SourceTitle "EXT 2017"]
[Source "ChessBase"]
[SourceDate "2016.10.25"]
[SourceVersion "1"]
[SourceVersionDate "2016.10.25"]
[SourceQuality "1"]

1. d4 c5 2. c3 e6 3. Nf3 Nf6 4. Bg5 Be7 5. e3 0-0 6. Bd3 d5 7. Nbd2 h6 8. Bh4 b6 9. 0-0 Bb7 10. Ne5 Nbd7 11. f4 Ne4 12. Bxe7 Qxe7 13. Nxd7 Qxd7 14. Qc2 Nxd2 15. Qxd2 f5 16. h3 Bc6 17. Qe2 Qe7 18. Qf2 a5 19. h4 h5 20. Rac1 b5 21. dxc5 Qxc5 22. Qe2 Qb6 23. a3 Rae8 24. Rce1 g6 25. Kh2 Kg7 26. Qd2 e5 27. Bc2 Qc7 28. g3 Rf6 29. Bb3 Rd8 30. Rf2 Re6 31. Rd1 Kh7 32. Bc2 Qe7 33. Bd3 Re8 34. Qc2 Rf6 35. Qd2 exf4 36. exf4 Re6 37. Bf1 1/2-1/2

[Event "Hessen-ch Seniors op 10th"]
[Site "Bad Sooden-Allendorf"]
[Date "2014.05.04"]
[Round "9"]
[White "Walther, Gerd"]
[Black "Pape, Manfred"]
[Result "0-1"]
[WhiteElo "1927"]
[BlackElo "2173"]
[PlyCount "24"]
[EventDate "2014.04.26"]
[EventType "swiss"]
[EventRounds "9"]
[EventCountry "GER"]
[SourceTitle "EXT 2018"]
[Source "ChessBase"]
[SourceDate "2017.10.13"]
[SourceVersion "1"]
[SourceVersionDate "2017.10.13"]
[SourceQuality "1"]

1. d4 c5 2. c3 g6 3. Nf3 Bg7 4. Bg5 Qb6 5. Qd2 Nf6 6. Bxf6 Bxf6 7. e4 d6 8. Bc4 Bg4 9. Ng5 0-0 10. Bxf7+ Rxf7 11. e5 dxe5 12. dxe5 Be6 0-1

[Event "Hessen-ch Seniors op 10th"]
[Site "Bad Sooden-Allendorf"]
[Date "2014.04.28"]
[Round "3"]
[White "Walther, Gerd"]
[Black "Selig, Rainer"]
[Result "0-1"]
[WhiteElo "1927"]
[BlackElo "2026"]
[PlyCount "54"]
[EventDate "2014.04.26"]
[EventType "swiss"]
[EventRounds "9"]
[EventCountry "GER"]
[SourceTitle "EXT 2018"]
[Source "ChessBase"]
[SourceDate "2017.10.13"]
[SourceVersion "1"]
[SourceVersionDate "2017.10.13"]
[SourceQuality "1"]

1. d4 Nf6 2. Nf3 c6 3. c3 d6 4. Bg5 Nbd7 5. Nbd2 h6 6. Bh4 Qc7 7. e4 e5 8. Bd3 Be7 9. 0-0 0-0 10. Ne1 Re8 11. Bg3 Nf8 12. dxe5 dxe5 13. Bc4 b5 14. Bb3 Bg4 15. f3 Be6 16. Nd3 Bxb3 17. Nxb3 Ng6 18. Qe2 c5 19. Nd2 c4 20. Nb4 Nh5 21. Rfd1 Ngf4 22. Qf1 Bxb4 23. cxb4 Nxg3 24. hxg3 Nd3 25. b3 Red8 26. bxc4 bxc4 27. a3 Nb2 0-1

[Event "Hessen-ch Seniors op 10th"]
[Site "Bad Sooden-Allendorf"]
[Date "2014.04.27"]
[Round "2"]
[White "Reinhold, Klaus"]
[Black "Walther, Gerd"]
[Result "1/2-1/2"]
[WhiteElo "2092"]
[BlackElo "1927"]
[PlyCount "72"]
[EventDate "2014.04.26"]
[EventType "swiss"]
[EventRounds "9"]
[EventCountry "GER"]
[SourceTitle "EXT 2018"]
[Source "ChessBase"]
[SourceDate "2017.10.13"]
[SourceVersion "1"]
[SourceVersionDate "2017.10.13"]
[SourceQuality "1"]

1. d4 Nf6 2. c4 e6 3. Nf3 d6 4. Nc3 Be7 5. e4 Nc6 6. Be2 0-0 7. 0-0 Re8 8. d5 exd5 9. cxd5 Ne5 10. Nd4 Ng6 11. Be3 Bf8 12. f3 a6 13. b4 Ne7 14. Bg5 Ng6 15. b5 h6 16. Be3 a5 17. Qd2 Ne7 18. b6 Bd7 19. bxc7 Qxc7 20. Ndb5 Bxb5 21. Nxb5 Qd8 22. Rac1 Rc8 23. Rxc8 Nxc8 24. Rc1 Nd7 25. Nc7 Re7 26. Nb5 Re8 27. Rc7 b6 28. Bd4 Re7 29. Rxc8 Qxc8 30. Nxd6 Qb8 31. Nf5 Re8 32. Bb5 Qc7 33. d6 Bxd6 34. Nxh6+ gxh6 35. Qxh6 Bxh2+ 36. Qxh2 Qxh2+ 1/2-1/2

[Event "Hessen-ch Seniors op 10th"]
[Site "Bad Sooden-Allendorf"]
[Date "2014.04.26"]
[Round "1"]
[White "Walther, Gerd"]
[Black "Geibel, Henning"]
[Result "1-0"]
[WhiteElo "1927"]
[BlackElo "1490"]
[PlyCount "59"]
[EventDate "2014.04.26"]
[EventType "swiss"]
[EventRounds "9"]
[EventCountry "GER"]
[SourceTitle "EXT 2018"]
[Source "ChessBase"]
[SourceDate "2017.10.13"]
[SourceVersion "1"]
[SourceVersionDate "2017.10.13"]
[SourceQuality "1"]

1. d4 d5 2. Nf3 Bf5 3. c3 e6 4. Qb3 b6 5. e3 Nf6 6. Nh4 Be7 7. Nxf5 exf5 8. Bd3 Qc8 9. 0-0 0-0 10. Nd2 Nc6 11. Qc2 g6 12. f3 Re8 13. e4 dxe4 14. fxe4 fxe4 15. Nxe4 Nxe4 16. Bxe4 Qd7 17. Qa4 Ne5 18. Qb3 Qe6 19. Qxe6 fxe6 20. Bxa8 Rxa8 21. dxe5 Bc5+ 22. Kh1 Be7 23. Bh6 Rd8 24. Rad1 Rd5 25. Rxd5 exd5 26. g4 c5 27. e6 d4 28. cxd4 cxd4 29. Rf7 d3 30. Rxe7 1-0

[Event "MVP-ch Seniors op 13th"]
[Site "Binz"]
[Date "2013.11.27"]
[Round "1"]
[White "Ludwig, Richard"]
[Black "Walther, Gerd"]
[Result "0-1"]
[WhiteElo "1378"]
[BlackElo "1777"]
[PlyCount "52"]
[EventDate "2013.11.27"]
[EventType "swiss"]
[EventRounds "9"]
[EventCountry "GER"]
[SourceTitle "EXT 2015"]
[Source "ChessBase"]
[SourceDate "2014.11.20"]
[SourceVersion "1"]
[SourceVersionDate "2014.11.20"]
[SourceQuality "1"]

1. e4 c5 2. c3 e5 3. d4 cxd4 4. cxd4 Bb4+ 5. Bd2 Qa5 6. Nf3 exd4 7. Nxd4 Nf6 8. Bd3 Nc6 9. Nxc6 dxc6 10. 0-0 0-0 11. Bxb4 Qxb4 12. Qc2 h6 13. Nc3 Be6 14. b3 Rad8 15. Rad1 Bg4 16. Rc1 Rfe8 17. Rfe1 Re7 18. Re3 Red7 19. h3 Bh5 20. g4 Bg6 21. Qe2 Qc5 22. Qf1 Qa5 23. Qe2 h5 24. gxh5 Nxh5 25. Qf3 Rxd3 26. Rxd3 Qg5+ 0-1

[Event "MVP-ch Seniors op 11th"]
[Site "Binz"]
[Date "2011.12.01"]
[Round "2.54"]
[White "Pfueller, Volker"]
[Black "Walther, Gerd"]
[Result "0-1"]
[WhiteElo "1533"]
[BlackElo "1747"]
[PlyCount "54"]
[EventDate "2011.11.30"]
[EventType "swiss"]
[EventRounds "9"]
[EventCountry "GER"]
[SourceTitle "EXT 2013"]
[Source "ChessBase"]
[SourceDate "2012.11.22"]
[SourceVersion "1"]
[SourceVersionDate "2012.11.22"]
[SourceQuality "1"]

1. b4 d5 2. Bb2 Nf6 3. Nf3 e6 4. b5 a6 5. a4 axb5 6. axb5 Rxa1 7. Bxa1 Be7 8. e3 0-0 9. c4 c6 10. cxd5 exd5 11. Be2 Bg4 12. 0-0 Nbd7 13. Nd4 Bxe2 14. Qxe2 Qb6 15. bxc6 bxc6 16. Nc3 Re8 17. g3 c5 18. Nf5 Qe6 19. Nxe7+ Rxe7 20. Re1 Qh3 21. Qf1 Qh5 22. Qg2 Ne5 23. Kh1 Nf3 24. Rb1 Re8 25. Ne2 Ng4 26. h4 Qf5 27. Rd1 Nxf2+ 0-1

[Event "Hessen-ch Seniors op 05th"]
[Site "Bad Sooden-Allendorf"]
[Date "2009.04.30"]
[Round "6"]
[White "Walther, Gerd"]
[Black "Semisch, Helga"]
[Result "1-0"]
[WhiteElo "1684"]
[BlackElo "1176"]
[PlyCount "73"]
[EventDate "2009.04.25"]
[EventType "swiss"]
[EventRounds "9"]
[EventCountry "GER"]
[SourceTitle "EXT 2022"]
[Source "ChessBase"]
[SourceDate "2021.10.06"]
[SourceVersion "1"]
[SourceVersionDate "2021.10.06"]
[SourceQuality "1"]

1. d4 d5 2. Nf3 c6 3. Bf4 Nd7 4. e3 a6 5. c3 e6 6. Bd3 Ngf6 7. Nbd2 b6 8. h3 Be7 9. 0-0 0-0 10. Ne5 Nxe5 11. dxe5 Nd7 12. Bh2 Bb7 13. Qh5 h6 14. f4 f6 15. Qg6 f5 16. Qxe6+ Kh8 17. Bxf5 Rxf5 18. Qxf5 Bc5 19. Rf3 Nf8 20. Rg3 Bc8 21. Qf7 Ne6 22. Qg6 Ra7 23. Rf1 Nf8 24. Qh5 Be6 25. f5 Bf7 26. Qg4 Be8 27. f6 g6 28. e6 g5 29. f7 Bxf7 30. Rxf7 Be7 31. Qd4+ Bf6 32. Rxf6 Kh7 33. Qd3+ Kh8 34. Rgf3 Nh7 35. Rf7 Rxf7 36. Rxf7 Qg8 37. Be5+ 1-0